Obra de teatro enseña sobre la conservación del ambiente /
שמור ב:
| מחבר ראשי: | |
|---|---|
| פורמט: | ספר |
| שפה: | Spanish |
| יצא לאור: |
San José, Costa Rica :
La Prensa Libre,
2008
|
| נושאים: | |
| תגים: |
הוספת תג
אין תגיות, היה/י הראשונ/ה לתייג את הרשומה!
|
MARC
| LEADER | 00000nam a2200000Ia 4500 | ||
|---|---|---|---|
| 008 | 180918b2008 cr ||||| |||| 00| | spa d | ||
| 999 | |c 2402 |d 2402 | ||
| 090 | |a Archivo #02 | ||
| 100 | |a González Vargas, Sandra |9 4247 | ||
| 245 | 1 | 0 | |a Obra de teatro enseña sobre la conservación del ambiente / |c Sandra González Vargas |
| 260 | |a San José, Costa Rica : |b La Prensa Libre, |c 2008 | ||
| 300 | |a 1 páginas : Artículo de periódico | ||
| 500 | |a En: La Prensa Libre (28 julio, 2008) | ||
| 650 | 1 | 4 | |a TEATRO |9 807 |
| 650 | 1 | 4 | |a CONSERVACIÓN DE LA NATURALEZA |9 3514 |
| 650 | 1 | 4 | |a MEDIO AMBIENTE |9 792 |
| 942 | |i 003562 |h Archivo #02 |2 z |c 07 | ||
